| Поле | Название | Значение |
| |
Тип записи |
a |
| |
Библиографический уровень |
m |
| 001 |
Контрольный номер |
RU/IS/BASE/375201310 |
| 005 |
Дата корректировки |
20180510182016.3 |
| 010 |
Индекс ISBN |
__ |
| a |
ISBN |
5-93929-061-2 |
| 101 |
Язык документа |
0_ |
| a |
Язык текста |
rus |
| 200 |
Заглавие и сведения об ответственности |
__ |
| a |
Заглавие |
Менингиты и энцефалиты |
| 210 |
Выходные данные |
__ |
| a |
Место издания |
Санкт-Петербург |
| c |
Издательство |
Фолиант |
| d |
Дата издания |
2003 |
| 318 |
Примечание о действии |
__ |
| a |
Действие |
п |
| 686 |
Индексы других классификаций |
__ |
| a |
Индекс ББК |
55.14 |
| 700 |
Автор |
__ |
| a |
Фамилия |
Лобзин |
| b |
Имя |
Ю. В. |
| 801 |
Источник записи |
_0 |
| a |
Страна |
RU |
| b |
Организация |
Центральная районная библиотека им. Г. А. Пирожникова |
| 801 |
Источник записи |
_1 |
| a |
Страна |
RU |
| b |
Организация |
Центральная районная библиотека им. Г. А. Пирожникова |
| 852 |
Данные о местонахождении |
__ |
| j |
Шифр хранения |
5 |
| b |
Сигла хранения |
ООЧ |
| 901 |
Тип документа |
__ |
| t |
Тип документа |
m |
| 991 |
Признак экспресс-каталогизации |
__ |
| a |
Признак экспресс-каталогизации |
express.Acquisition |